| 000 | 00833nam a22002297a 4500 | ||
|---|---|---|---|
| 005 | 20110630114551.0 | ||
| 008 | 110630t xxu||||| |||| 00| 0 eng d | ||
| 010 | _aENG-102836 | ||
| 020 |
_c250.00 _a8185569819 |
||
| 035 | _aEN-86369 | ||
| 037 | _bDBAD/PUB | ||
| 040 |
_adpl _bEnglish |
||
| 082 | _a269.2 | ||
| 100 |
_929042 _aBuchanan,Iain |
||
| 245 |
_aThe armies of God : _ba study in militant Christianity / _cby Iain Buchanan |
||
| 260 |
_aGoa _bOther India Press _c2011 |
||
| 270 |
_aG-8,St.Britto's Apartments,Feira Alta,Mapusa _bGoa _e403507 |
||
| 300 |
_a400p. _b22cm (pbk) |
||
| 500 | _aIncludes index | ||
| 942 |
_2ddc _cEN _mBUC _h269.2 |
||
| 999 |
_c53542 _d53542 |
||